000 01402nam a2200373 a 4500
001 ebr10675183
003 CaPaEBR
006 m u
007 cr cn|||||||||
008 110516s2010 nyua sb 001 0 eng d
010 _z 2011377219
020 _z1616681438
020 _z9781616681432
020 _z9781616684969 (e-book)
040 _aCaPaEBR
_cCaPaEBR
035 _a(OCoLC)709889345
050 1 4 _aBF241
_b.S94 2010eb
082 0 4 _a152.14
_223
100 1 _aSvet, V. D.
245 1 0 _aCoherent effects in primary visual peception
_h[electronic resource] /
_cV.D. Svet and A.M. Khazen, editor.
260 _aNew York :
_bNova Science Publishers, Inc.,
_cc2010.
300 _axiii, 56 p. :
_bill.
490 1 _aEye and vision research developments
490 1 _aNovinka
504 _aIncludes bibliographical references (p. [47]-52) and index.
533 _aElectronic reproduction.
_bPalo Alto, Calif. :
_cebrary,
_d2013.
_nAvailable via World Wide Web.
_nAccess may be limited to ebrary affiliated libraries.
650 0 _aVisual perception.
655 7 _aElectronic books.
_2local
700 1 _aKhazen, A. M.
710 2 _aebrary, Inc.
830 0 _aEye and vision research developments series.
830 0 _aNovinka (Series)
856 4 0 _uhttp://site.ebrary.com/lib/rucke/Doc?id=10675183
_zAn electronic book accessible through the World Wide Web; click to view
999 _c164187
_d164187